Statistics for Five Biggest Cities by Continent by Letter - V

Click here to take the quiz!

General Stats

  • This quiz has been taken 286 times
  • The average score is 9 of 27

Answer Stats

PopulationCountryCity% Correct
1,868,000AustriaVienna
98%
631,000CanadaVancouver
96%
534,000LithuaniaVilnius
91%
790,000SpainValencia
90%
1,827,000VenezuelaValencia
90%
1,016,000RussiaVolgograd
72%
970,000ChileValparaíso
62%
66,000South AfricaVirginia
48%
453,000USAVirginia Beach
46%
1,432,000IndiaVaranasi
45%
1,040,000RussiaVoronezh
36%
562,000MexicoVeracruz
35%
1,822,000IndiaVadodara
33%
1,728,000IndiaVisakhapatnam
25%
1,477,000IndiaVijayawada
16%
100,000South AfricaVereeniging
10%
351,000MexicoVillahermosa
8%
489,000GuatemalaVilla Nueva
8%
106,000MauritiusVacoas-Phoenix
6%
405,000ColombiaValledupar
5%
1,222,000IndiaVasai-Virar
4%
57,000MozambiqueVilankulo
4%
484,000BrazilVila Velha
4%
67,000Côte d'IvoireVavoua
3%
482,000ColombiaVillavicencio
3%
14,000PNGVanimo
2%
26,000AustraliaVictor Harbor
2%

Score Distribution

Percentile by Number Answered

Percent of People with Each Score

Your Score History

You have not taken this quiz